[Event "EU-chT Seniors 02nd"]
[Site "Dresden"]
[Date "2000.03.04"]
[Round "4.4"]
[White "Abendroth, Guenter"]
[Black "Barnstedt, Dietrich"]
[Result "1-0"]
[WhiteElo "2225"]
[BlackElo "2009"]
[EventDate "2000.03.01"]
[PlyCount "111"]

1.e4 e5 2.Nf3 d5 3.Nxe5 Bd6 4.d4 dxe4 5.Bc4 Bxe5 6.Qh5 Qe7 7.dxe5 g6 8.Qg5
Nc6 9.Qxe7+ Ngxe7 10.Bf4 Nd4 11.Na3 Be6 12.O-O-O O-O-O 13.Bg5 Rhe8 14.Rhe1
Bxc4 15.Nxc4 Ndc6 16.Rxd8+ Rxd8 17.Rxe4 Kd7 18.f4 Ke6 19.g4 Rd4 20.Nd2 Nd5
21.c3 Rd3 22.Re2 Rh3 23.Ne4 b6 24.Ng3 h6 25.f5+ Kd7 26.Bf6 Nxf6 27.exf6 
gxf5 28.Nxf5 Rf3 29.Nxh6 Rxf6 30.Nf5 Rg6 31.h3 f6 32.Kd2 Ne5 33.Ke3 Rg8 
34.Kf4 Ke6 35.Rd2 a5 36.Nd4+ Kf7 37.Nf3 Ng6+ 38.Kg3 Ke6 39.h4 Ne7 40.Kh3 
Nd5 41.h5 c5 42.c4 Nf4+ 43.Kh4 f5 44.g5 Rh8 45.h6 Ng6+ 46.Kg3 Rf8 47.Re2+ 
Kd6 48.Re1 Rb8 49.Nh4 f4+ 50.Kg4 Ne5+ 51.Kh5 f3 52.Rxe5 Kxe5 53.Nxf3+ Kf5 
54.Nh4+ Ke6 55.h7 Kf7 56.Kh6 1-0

[Event "EU-chT Seniors 02nd"]
[Site "Dresden"]
[Date "2000.03.07"]
[Round "6.4"]
[White "Abendroth, Guenter"]
[Black "Wieckowski, Ryszard"]
[Result "1-0"]
[WhiteElo "2225"]
[BlackElo "2000"]
[EventDate "2000.03.01"]
[PlyCount "79"]

1.e4 c5 2.Nf3 d6 3.d4 cxd4 4.Nxd4 Nf6 5.Nc3 a6 6.Bg5 e6 7.f4 Be7 8.Qf3 Qc7
9.O-O-O O-O 10.Bd3 h6 11.Bh4 Nc6 12.Bf2 Nxd4 13.Bxd4 e5 14.Bf2 Bg4 15.Nd5 
Nxd5 16.Qxg4 Nxf4 17.Be3 Bg5 18.Bxf4 Bxf4+ 19.Kb1 Qc8 20.Qe2 Bg5 21.Bc4 
Qc7 22.h4 Bd8 23.g4 g6 24.Bb3 Kg7 25.Qd3 Be7 26.Rdf1 Qc5 27.Rh3 f6 28.h5 
g5 29.Be6 Qb5 30.Qf3 Qe8 31.Qf5 b5 32.Rc3 Bd8 33.Rd1 Be7 34.Rc7 Rd8 35.Rd3
Rh8 36.Rdc3 Rf8 37.R3c6 Rh8 38.Rxa6 Kf8 39.Raa7 Rg8 40.Bd5 1-0

[Event "EU-chT Seniors 02nd"]
[Site "Dresden"]
[Date "2000.03.03"]
[Round "3.3"]
[White "Appelt, Gerd"]
[Black "Husek, Alfred"]
[Result "1-0"]
[WhiteElo "2016"]
[BlackElo "1805"]
[EventDate "2000.03.01"]
[PlyCount "45"]

1.e4 e5 2.Nf3 Nc6 3.c3 d5 4.Qa4 f6 5.Bb5 Ne7 6.exd5 Qxd5 7.d4 Bd7 8.Be3 
exd4 9.cxd4 a6 10.Nc3 Qf5 11.Rd1 Ne5 12.Bd3 Qh5 13.Qb3 N7c6 14.Rd2 Na5 15.
Qd1 Nxd3+ 16.Rxd3 Be7 17.Bf4 O-O-O 18.O-O g5 19.Bg3 Qf7 20.Qc1 Qc4 21.Nd5 
Qxc1 22.Nxe7+ Kb8 23.Rxc1 1-0

[Event "EU-chT Seniors 02nd"]
[Site "Dresden"]
[Date "2000.03.04"]
[Round "4.3"]
[White "Appelt, Gerd"]
[Black "Kozlowski, Piotr"]
[Result "1/2-1/2"]
[WhiteElo "2016"]
[BlackElo "2000"]
[EventDate "2000.03.01"]
[PlyCount "51"]

1.e4 c6 2.Nc3 d5 3.Qf3 e6 4.exd5 exd5 5.d4 Qf6 6.Be3 Qxf3 7.Nxf3 Bf5 8.
O-O-O Nd7 9.Nh4 Be6 10.Bd3 g6 11.Ne2 Be7 12.Nf3 Bg4 13.Ne5 Bxe2 14.Bxe2 f6
15.Nxd7 Kxd7 16.g4 Bd6 17.Bd3 Ne7 18.h3 b5 19.Rhg1 a5 20.h4 a4 21.h5 b4 
22.Kd2 Rhb8 23.Ra1 Ke6 24.Ke2 Kf7 25.Rh1 Rh8 26.hxg6+ 1/2-1/2

[Event "EU-chT Seniors 02nd"]
[Site "Dresden"]
[Date "2000.03.01"]
[Round "1.3"]
[White "Appelt, Gerd"]
[Black "Winiwarter, Felix"]
[Result "1/2-1/2"]
[WhiteElo "2500"]
[BlackElo "2235"]
[EventDate "2000.03.01"]
[PlyCount "39"]

1.e4 e5 2.Nf3 Nc6 3.c3 d5 4.Qa4 f6 5.exd5 Qxd5 6.d4 Bd7 7.Bb5 a6 8.c4 Qe4+
9.Be3 exd4 10.Nbd2 Qe6 11.Nxd4 Nxd4 12.Bxd7+ Qxd7 13.Qxd7+ Kxd7 14.Bxd4 
Re8+ 15.Kd1 Bb4 16.Nf3 Ne7 17.a3 Bd6 18.c5 Bf4 19.g3 Bh6 20.Re1 1/2-1/2

[Event "EU-chT Seniors 02nd"]
[Site "Dresden"]
[Date "2000.03.05"]
[Round "5.4"]
[White "Barnstedt, Dietrich"]
[Black "Gradl, Rudolf"]
[Result "1-0"]
[WhiteElo "2009"]
[BlackElo "1716"]
[EventDate "2000.03.01"]
[PlyCount "105"]

1.d4 d5 2.Nf3 Nf6 3.Bg5 e6 4.Nbd2 Be7 5.e3 Nbd7 6.Bd3 h6 7.Bh4 O-O 8.Qe2 
c5 9.c3 b6 10.O-O Bb7 11.Rad1 Re8 12.Ne5 Nxe5 13.dxe5 Nd7 14.Bg3 f5 15.
exf6 Bxf6 16.e4 Qc8 17.e5 Be7 18.Qg4 Nf8 19.f4 c4 20.Bb1 Qc6 21.Nf3 Bc5+ 
22.Nd4 Rad8 23.Kh1 Bxd4 24.Rxd4 Bc8 25.Qh5 Bd7 26.Bh4 Rb8 27.g4 Rec8 28.
Bg3 Be8 29.Qh3 Rb7 30.f5 Rf7 31.f6 g6 32.Qxh6 Rh7 33.Qg5 Bf7 34.Kg2 b5 35.
h4 Kh8 36.h5 Qe8 37.hxg6 Bxg6 38.f7 Rxf7 39.Bxg6 Nxg6 40.Rh1+ Rh7 41.Qf6+ 
Kg8 42.Rxh7 Kxh7 43.Rd1 Kg8 44.Rh1 Qf7 45.Qxf7+ Kxf7 46.Rh7+ Ke8 47.Rxa7 
d4 48.cxd4 c3 49.bxc3 Rxc3 50.Ra6 Kd7 51.d5 Rc2+ 52.Kh3 Rc5 53.Rd6+ 1-0

[Event "EU-chT Seniors 02nd"]
[Site "Dresden"]
[Date "2000.03.01"]
[Round "1.4"]
[White "Barnstedt, Dietrich"]
[Black "Haslinger, Thomas"]
[Result "1-0"]
[WhiteElo "2009"]
[BlackElo "1671"]
[EventDate "2000.03.01"]
[PlyCount "55"]

1.d4 Nf6 2.Bg5 d6 3.Nd2 Nbd7 4.Ngf3 g6 5.e4 Bg7 6.Bc4 O-O 7.e5 dxe5 8.dxe5
Ng4 9.e6 Nb6 10.exf7+ Kh8 11.Qe2 Bxb2 12.Bxe7 Nxc4 13.Bxd8 Nxd2 14.Qxd2 
Bf5 15.Rd1 Rxf7 16.O-O Rd7 17.Qxd7 Bxd7 18.Rxd7 Nf6 19.Bxf6+ Bxf6 20.Rxc7 
b6 21.Rd1 a5 22.Rdd7 h5 23.Rf7 Bb2 24.Nh4 Rd8 25.Nxg6+ Kg8 26.g3 b5 27.
Rfd7 Re8 28.c3 1-0

[Event "EU-chT Seniors 02nd"]
[Site "Dresden"]
[Date "2000.03.03"]
[Round "3.4"]
[White "Barnstedt, Dietrich"]
[Black "Lenk, Wolfgang"]
[Result "1/2-1/2"]
[WhiteElo "2009"]
[BlackElo "2185"]
[EventDate "2000.03.01"]
[PlyCount "88"]

1.d4 g6 2.Nf3 Nf6 3.Nbd2 Bg7 4.e4 d6 5.Bc4 O-O 6.Qe2 Nc6 7.d5 Nb4 8.Bb3 a5
9.c3 Na6 10.h3 Nc5 11.Bc2 b6 12.Nd4 e6 13.dxe6 Nxe6 14.Nxe6 Bxe6 15.O-O 
Qc8 16.f4 Re8 17.Qf3 Qb7 18.f5 gxf5 19.exf5 Bd5 20.Qf2 Kh8 21.Bb3 Bxb3 22.
axb3 Qd5 23.Ra4 b5 24.Rh4 Qc5 25.Qxc5 dxc5 26.g4 Ne4 27.Nxe4 Rxe4 28.f6 
Bf8 29.Rh5 Rae8 30.Kf2 R8e6 31.Rf5 Bd6 32.g5 Re2+ 33.Kf3 Rh2 34.Kg4 Re4+ 
35.Bf4 Rxb2 36.Rd5 Rbe2 37.Kf5 Re6 38.h4 a4 39.bxa4 bxa4 40.Rb1 Re8 41.
Bxd6 cxd6 42.Rxd6 h5 43.gxh6 R8e5+ 44.Kf4 R5e4+ 1/2-1/2

[Event "EU-chT Seniors 02nd"]
[Site "Dresden"]
[Date "2000.03.07"]
[Round "6.4"]
[White "Barnstedt, Dietrich"]
[Black "Niedermayr, Horst"]
[Result "0-1"]
[WhiteElo "2009"]
[BlackElo "2208"]
[EventDate "2000.03.01"]
[PlyCount "106"]

1.d4 e6 2.Nf3 Nf6 3.Bg5 h6 4.Bxf6 Qxf6 5.e4 d6 6.Nbd2 Nd7 7.Bd3 Qe7 8.Qe2 
g6 9.c3 Bg7 10.h4 c5 11.e5 d5 12.Bb5 a6 13.Ba4 O-O 14.Bc2 c4 15.g4 b5 16.
O-O-O Rd8 17.h5 g5 18.Nxg5 Qxg5 19.f4 Qe7 20.f5 f6 21.g5 fxg5 22.f6 Nxf6 
23.exf6 Bxf6 24.Nf3 b4 25.Ne5 bxc3 26.bxc3 Bxe5 27.dxe5 Bd7 28.Rhf1 Rf8 
29.Rg1 Rf4 30.Rdf1 Raf8 31.Rxf4 Rxf4 32.Rf1 Qf8 33.Rg1 Qa3+ 34.Kd2 Qf8 35.
Rg2 Rf3 36.Ke1 Qf4 37.Rf2 Qc1+ 38.Qd1 Qe3+ 39.Qe2 Qxc3+ 40.Kd1 Re3 41.Qf1 
Qa1+ 42.Kd2 Qxf1 43.Rxf1 Rxe5 44.Bg6 d4 45.Rf7 Be8 46.Rc7 Bxg6 47.hxg6 c3+
48.Kd3 Rd5 49.Re7 Rc5 50.Kxd4 c2 51.Kxc5 c1=Q+ 52.Kd6 Qa3+ 53.Kxe6 Qxe7+ 
0-1

[Event "EU-chT Seniors 02nd"]
[Site "Dresden"]
[Date "2000.03.02"]
[Round "2.1"]
[White "Bartl, Franz"]
[Black "Landgraf, Siegfried"]
[Result "0-1"]
[WhiteElo "1989"]
[BlackElo "2172"]
[EventDate "2000.03.01"]
[PlyCount "76"]

1.e4 g6 2.d4 Bg7 3.Nc3 c6 4.Be3 d6 5.Qd2 Nd7 6.f4 b5 7.Be2 Nb6 8.b3 Nf6 9.
Bf3 Ng4 10.Bxg4 Bxg4 11.h3 Bd7 12.Nf3 Qc7 13.Nd1 f5 14.e5 Be6 15.O-O Rd8 
16.Qe1 Bd5 17.Rc1 O-O 18.Nc3 Bxf3 19.Rxf3 b4 20.Nd1 Nd5 21.Bf2 Qa5 22.Ra1 
Qb6 23.c4 bxc3 24.Nxc3 Nb4 25.Qe2 Qb7 26.a3 Na6 27.b4 Nc7 28.Rc1 Rfe8 29.
Rd3 Ne6 30.g3 Qa6 31.a4 dxe5 32.fxe5 Qc4 33.Na2 Qd5 34.Rcd1 Ng5 35.Kh2 Ne4
36.Be3 e6 37.h4 h6 38.Qf1 Qxa2+ 0-1

[Event "EU-chT Seniors 02nd"]
[Site "Dresden"]
[Date "2000.03.07"]
[Round "6.1"]
[White "Bartl, Franz"]
[Black "Uhlmann, Wolfgang"]
[Result "0-1"]
[WhiteElo "1989"]
[BlackElo "2482"]
[EventDate "2000.03.01"]
[PlyCount "108"]

1.e4 e6 2.d4 d5 3.Nd2 c5 4.Ngf3 Nc6 5.dxc5 Bxc5 6.Bd3 Nge7 7.O-O O-O 8.c3 
Ng6 9.Nb3 Be7 10.Qc2 dxe4 11.Bxe4 Qc7 12.Be3 b6 13.Nbd4 Bb7 14.Nxc6 Bxc6 
15.Nd4 Bxe4 16.Qxe4 Rac8 17.Nf3 e5 18.Qf5 Rcd8 19.Rfe1 Rd6 20.Ng5 Bxg5 21.
Bxg5 f6 22.Be3 Rfd8 23.Qc2 Qd7 24.a4 Nh4 25.f3 Nf5 26.Bf2 Rd2 27.Qb3+ Qd5 
28.Qxd5+ R8xd5 29.Rab1 g5 30.Kf1 Nd6 31.Be3 Rc2 32.Re2 Nc4 33.Kf2 Rxe2+ 
34.Kxe2 f5 35.b3 Nxe3 36.Kxe3 Kf7 37.Rc1 Ke6 38.g3 h5 39.h3 f4+ 40.gxf4 
exf4+ 41.Ke2 Kf5 42.Rc2 g4 43.hxg4+ hxg4 44.fxg4+ Kxg4 45.Kf2 Rh5 46.Kg1 
f3 47.b4 Kg3 48.c4 a5 49.c5 bxc5 50.bxc5 Rd5 51.Rc1 Rd2 52.c6 Rg2+ 53.Kh1 
Rh2+ 54.Kg1 f2+ 0-1

[Event "EU-chT Seniors 02nd"]
[Site "Dresden"]
[Date "2000.03.02"]
[Round "2.1"]
[White "Baumgartner, Heinz"]
[Black "Bednarski, Jacek B"]
[Result "1/2-1/2"]
[WhiteElo "2323"]
[BlackElo "2250"]
[EventDate "2000.03.01"]
[PlyCount "82"]

1.Nf3 d6 2.d4 Bg4 3.c4 Nd7 4.Qb3 Qc8 5.g3 c6 6.Bg2 e5 7.Nbd2 Be7 8.h3 Be6 
9.e4 b5 10.Qc3 b4 11.Qe3 f6 12.b3 Nh6 13.O-O O-O 14.Bb2 a5 15.a4 Bd8 16.
Kh2 Bb6 17.Qe2 Qa6 18.Rae1 Rfe8 19.Qd1 Rad8 20.Qc2 Bf7 21.Rg1 Qa7 22.Qd3 
exd4 23.Bxd4 Nc5 24.Qc2 Nxa4 25.Bxb6 Nxb6 26.Nd4 Rc8 27.e5 dxe5 28.Nxc6 
Qd7 29.Nxa5 Nf5 30.Ne4 Nd4 31.Qd2 Red8 32.Qxb4 Rb8 33.Qc3 Qc7 34.Ra1 Ne2 
35.Qe3 Nxg1 36.Kxg1 Rd4 37.Nc3 Be8 38.Nb5 Bxb5 39.cxb5 Rbd8 40.Nc6 Rd1+ 
41.Rxd1 Rxd1+ 1/2-1/2

[Event "EU-chT Seniors 02nd"]
[Site "Dresden"]
[Date "2000.03.07"]
[Round "6.1"]
[White "Baumgartner, Heinz"]
[Black "Fronczek, Heinrich"]
[Result "1/2-1/2"]
[WhiteElo "2323"]
[BlackElo "2323"]
[EventDate "2000.03.01"]
[PlyCount "95"]

1.Nf3 Nf6 2.g3 b6 3.Bg2 Bb7 4.O-O d6 5.d4 Nbd7 6.c4 c5 7.Nc3 cxd4 8.Qxd4 
g6 9.b3 Bg7 10.Bb2 O-O 11.Qd2 Nc5 12.Nd4 Bxg2 13.Kxg2 Qd7 14.f3 d5 15.cxd5
Nxd5 16.Nxd5 Qxd5 17.e4 Qb7 18.Qe2 Rfd8 19.Rad1 a6 20.e5 Rd5 21.Nc2 Rad8 
22.Ne3 R5d7 23.Rxd7 Rxd7 24.Rd1 h5 25.h4 Bh6 26.Bd4 Ne6 27.Bb2 b5 28.Rxd7 
Qxd7 29.Qd1 Qc7 30.Nd5 Qb7 31.Ba3 Bf8 32.Bb4 Ng7 33.Ne3 Qb6 34.Qd2 Ne6 35.
Nd5 Qb7 36.Qd3 Ng7 37.Ne3 Qc7 38.Qc3 Qd7 39.Qd2 Qa7 40.Qc3 Ne6 41.Nd5 Qb7 
42.Qd3 Bg7 43.Ne3 Qc8 44.f4 Qc6+ 45.Qd5 Qc1 46.Qd2 Qc6+ 47.Qd5 Qc1 48.Qd2 
1/2-1/2

[Event "EU-chT Seniors 02nd"]
[Site "Dresden"]
[Date "2000.03.04"]
[Round "4.1"]
[White "Baumgartner, Heinz"]
[Black "Uhlmann, Wolfgang"]
[Result "1/2-1/2"]
[WhiteElo "2323"]
[BlackElo "2482"]
[EventDate "2000.03.01"]
[PlyCount "27"]

1.Nf3 Nf6 2.g3 g6 3.Bg2 c5 4.O-O Bg7 5.c4 Nc6 6.d4 cxd4 7.Nxd4 O-O 8.Nc3 
Ng4 9.e3 d6 10.Nde2 Bd7 11.h3 Nf6 12.b3 a6 13.Bb2 Rb8 14.Qc1 1/2-1/2

[Event "EU-chT Seniors 02nd"]
[Site "Dresden"]
[Date "2000.03.01"]
[Round "1.1"]
[White "Bednarski, Jacek B"]
[Black "Bartl, Franz"]
[Result "1/2-1/2"]
[WhiteElo "2250"]
[BlackElo "1989"]
[EventDate "2000.03.01"]
[PlyCount "46"]

1.e4 c5 2.Nf3 d6 3.Nc3 Nf6 4.e5 dxe5 5.Nxe5 e6 6.Bb5+ Nbd7 7.Qf3 Qc7 8.Qg3
Qb8 9.d3 a6 10.Nxd7 Bxd7 11.Bxd7+ Nxd7 12.Bf4 e5 13.Bd2 Qd6 14.Qf3 Be7 15.
b3 Rb8 16.O-O O-O 17.Rae1 f5 18.Nd5 Kh8 19.Bc3 b5 20.Nxe7 Qxe7 21.Qd5 Rbe8
22.Bxe5 Nxe5 23.f4 Nf3+ 1/2-1/2

[Event "EU-chT Seniors 02nd"]
[Site "Dresden"]
[Date "2000.03.07"]
[Round "6.1"]
[White "Bednarski, Jacek B"]
[Black "Rosen, Willy"]
[Result "1/2-1/2"]
[WhiteElo "2250"]
[BlackElo "2308"]
[EventDate "2000.03.01"]
[PlyCount "29"]

1.e4 c5 2.Nf3 Nc6 3.Bb5 g6 4.O-O Bg7 5.c3 Nf6 6.Re1 O-O 7.d4 d5 8.exd5 
Qxd5 9.c4 Qd6 10.d5 Nd4 11.Nxd4 cxd4 12.Nd2 a6 13.Ba4 b5 14.cxb5 Nxd5 15.
Ne4 1/2-1/2

[Event "EU-chT Seniors 02nd"]
[Site "Dresden"]
[Date "2000.03.03"]
[Round "3.1"]
[White "Bednarski, Jacek B"]
[Black "Rudnik, Heinz"]
[Result "1-0"]
[WhiteElo "2250"]
[BlackElo "2100"]
[EventDate "2000.03.01"]
[PlyCount "95"]

1.e4 c5 2.Nf3 d6 3.Nc3 g6 4.d4 Bg7 5.dxc5 dxc5 6.Qxd8+ Kxd8 7.Bf4 Bxc3+ 8.
bxc3 Nc6 9.O-O-O+ Ke8 10.Bb5 a6 11.Bxc6+ bxc6 12.Ne5 f6 13.Nc4 Be6 14.Nb6 
Ra7 15.a4 g5 16.Be3 Rb7 17.Bxc5 Nh6 18.a5 Nf7 19.Rd4 Ne5 20.Rhd1 Kf7 21.
Rb4 Rbb8 22.f3 h5 23.Bd4 Ng6 24.Be3 Ne5 25.Na4 Rb5 26.Bb6 h4 27.h3 Ng6 28.
Nc5 Bc8 29.Rbd4 Nf4 30.R1d2 Ne6 31.Nxe6 Bxe6 32.c4 Rb4 33.c5 Rc4 34.Kd1 
Rxd4 35.Rxd4 Rc8 36.Kd2 Ke8 37.Ke3 Ba2 38.Rb4 e5 39.c4 Ke7 40.Kd3 f5 41.
Rb2 fxe4+ 42.fxe4 Bxc4+ 43.Kxc4 Rf8 44.Bc7 Rf4 45.Kd3 Ke6 46.Ke3 Rf1 47.
Rd2 Re1+ 48.Kf3 1-0

[Event "EU-chT Seniors 02nd"]
[Site "Dresden"]
[Date "2000.03.08"]
[Round "7.1"]
[White "Brandenberg, Karl Heinz"]
[Black "Bartl, Franz"]
[Result "1-0"]
[WhiteElo "2177"]
[BlackElo "1989"]
[EventDate "2000.03.01"]
[PlyCount "75"]

1.d4 Nf6 2.c4 g6 3.g3 Bg7 4.Bg2 O-O 5.Nc3 d6 6.Nf3 Nbd7 7.O-O e5 8.e4 c6 
9.h3 Ne8 10.Be3 Qe7 11.Qd2 Nc7 12.Rad1 f5 13.c5 dxc5 14.dxe5 Nxe5 15.Nxe5 
Bxe5 16.f4 Bd4 17.Bxd4 cxd4 18.Qxd4 fxe4 19.Rfe1 Be6 20.Nxe4 Rad8 21.Qxa7 
Rxd1 22.Rxd1 Na6 23.Nc3 h5 24.Bxc6 h4 25.Nd5 Qc5+ 26.Qxc5 Nxc5 27.Bb5 Bxh3
28.Kh2 Bg4 29.Re1 hxg3+ 30.Kxg3 Bf5 31.Ne7+ Kf7 32.Nxf5 gxf5 33.Re5 Ne4+ 
34.Kf3 Kf6 35.Bd3 Ng5+ 36.Ke3 Nf7 37.Rxf5+ Kg7 38.Rd5 1-0

[Event "EU-chT Seniors 02nd"]
[Site "Dresden"]
[Date "2000.03.03"]
[Round "3.1"]
[White "Brandenberg, Karl Heinz"]
[Black "Baumgartner, Heinz"]
[Result "1/2-1/2"]
[WhiteElo "2177"]
[BlackElo "2323"]
[EventDate "2000.03.01"]
[PlyCount "46"]

1.d4 d5 2.Nf3 Nf6 3.c4 e6 4.g3 dxc4 5.Qa4+ Nc6 6.Bg2 Bb4+ 7.Bd2 Bxd2+ 8.
Nbxd2 O-O 9.Qxc4 Qd5 10.O-O Rd8 11.e3 Qh5 12.Ne5 Nxe5 13.Qxc7 Bd7 14.Qxe5 
Qxe5 15.dxe5 Ng4 16.Nf3 Bc6 17.Rfd1 g6 18.Rd4 Bxf3 19.Bxf3 Nxe5 20.Be4 
Rxd4 21.exd4 Nc6 22.d5 exd5 23.Bxd5 Ne7 1/2-1/2

[Event "EU-chT Seniors 02nd"]
[Site "Dresden"]
[Date "2000.03.05"]
[Round "5.1"]
[White "Brandenberg, Karl Heinz"]
[Black "Landgraf, Siegfried"]
[Result "0-1"]
[WhiteElo "2177"]
[BlackElo "2172"]
[EventDate "2000.03.01"]
[PlyCount "130"]

1.Nf3 g6 2.d4 Bg7 3.c4 d6 4.Nc3 Bg4 5.e3 Nc6 6.Be2 e5 7.O-O Nf6 8.d5 Ne7 
9.Qc2 O-O 10.b3 Nd7 11.h3 Bxf3 12.Bxf3 f5 13.Bb2 Nf6 14.c5 Kh8 15.cxd6 
cxd6 16.Rac1 Rc8 17.Qd2 Qa5 18.a3 Qb6 19.b4 a5 20.b5 Nd7 21.Be2 Nc5 22.Bc4
Ng8 23.Rc2 Qd8 24.f4 b6 25.Qe1 Qe7 26.Ne2 Rfe8 27.Qa1 exf4 28.exf4 Bxb2 
29.Qxb2+ Qf6 30.Qxf6+ Nxf6 31.Nd4 Re4 32.Nc6 Rce8 33.Rff2 Nh5 34.Rce2 Kg7 
35.g4 fxg4 36.hxg4 Nxf4 37.Rxf4 Rxf4 38.Rxe8 Rxg4+ 39.Kh2 Rxc4 40.Rb8 Rc2+
41.Kg1 Na4 42.Rd8 Rc5 43.Rxd6 Nc3 44.Rd7+ Kf6 45.d6 Nxb5 46.Nd8 Rc1+ 47.
Kg2 Ke5 48.Nf7+ Kf4 49.Re7 Rc2+ 50.Kf1 Nxd6 51.Nxd6 h5 52.Nf7 h4 53.Re6 g5
54.Rf6+ Kg4 55.Ne5+ Kh5 56.Rxb6 h3 57.Kg1 g4 58.Nxg4 Kxg4 59.Rg6+ Kf4 60.
Ra6 a4 61.Rh6 Rc3 62.Rf6+ Ke5 63.Rh6 Rxa3 64.Kf1 Ra1+ 65.Ke2 h2 0-1

[Event "EU-chT Seniors 02nd"]
[Site "Dresden"]
[Date "2000.03.02"]
[Round "2.1"]
[White "Brandenberg, Karl Heinz"]
[Black "Uhlmann, Wolfgang"]
[Result "0-1"]
[WhiteElo "2177"]
[BlackElo "2472"]
[EventDate "2000.03.01"]
[PlyCount "62"]

1.d4 Nf6 2.c4 g6 3.g3 Bg7 4.Bg2 O-O 5.Nc3 c5 6.Nf3 cxd4 7.Nxd4 Nc6 8.O-O 
Ng4 9.Nxc6 dxc6 10.Bd2 Qd4 11.Rc1 Be6 12.h3 Rfd8 13.Rc2 Nf6 14.b3 Bf5 15.
e4 Nxe4 16.Nxe4 Bxe4 17.Bxe4 Qxe4 18.Re1 Qd3 19.Qc1 Rd7 20.Be3 Qf5 21.Kg2 
c5 22.Rce2 Rad8 23.b4 cxb4 24.Bxa7 Bc3 25.Rxe7 Bxe1 26.Qxe1 Rxe7 27.Qxe7 
Qd7 28.Qxd7 Rxd7 29.Bc5 Rd2 30.Bxb4 Rxa2 31.Bd6 f5 0-1

[Event "EU-chT Seniors 02nd"]
[Site "Dresden"]
[Date "2000.03.02"]
[Round "2.2"]
[White "Duemmke, Juergen"]
[Black "Koksch, Guenther"]
[Result "0-1"]
[WhiteElo "2035"]
[BlackElo "1962"]
[EventDate "2000.03.01"]
[PlyCount "92"]

1.d4 e6 2.Nf3 f5 3.g3 Nf6 4.Bg2 Be7 5.O-O O-O 6.c4 d6 7.Nc3 a5 8.b3 c6 9.
Qc2 Na6 10.a3 Bd7 11.Bb2 b5 12.Nb1 Rb8 13.Nbd2 Qe8 14.Rac1 Qh5 15.Qd3 c5 
16.cxb5 Bxb5 17.Qe3 Nc7 18.Nc4 Ne4 19.Nfd2 Nd5 20.Qd3 Ndf6 21.f3 Ng5 22.
Qc3 cxd4 23.Qxd4 e5 24.Qa7 Qf7 25.Qxa5 Qe6 26.a4 Bc6 27.Ne3 Rfc8 28.f4 Bd8
29.Qa6 exf4 30.Rxc6 Qxe3+ 31.Kh1 Rxc6 32.Qxc6 Qxd2 33.Bc1 Qxe2 34.Bxf4 
Nfe4 35.Bxd6 Nxd6 36.Qxd6 Rc8 37.Qf4 Rc2 38.Rg1 h6 
    ( 38...Nh3 $1 )
39.h3 Bc7 40.Qxf5 Bb6 41.Qf1 Bxg1 42.Qxg1 Ne4 43.h4 Nxg3+ 44.Kh2 Nf1+ 45.
Kh1 Ne3 46.Be4 Rd2 0-1

[Event "EU-chT Seniors 02nd"]
[Site "Dresden"]
[Date "2000.03.03"]
[Round "3.2"]
[White "Duemmke, Juergen"]
[Black "Kowalski, Michal"]
[Result "1/2-1/2"]
[WhiteElo "2035"]
[BlackElo "2152"]
[EventDate "2000.03.01"]
[PlyCount "71"]

1.e4 d6 2.d4 Nf6 3.Nc3 g6 4.Be2 Bg7 5.Nf3 c6 6.a4 O-O 7.O-O Qc7 8.h3 e5 9.
Be3 Re8 10.dxe5 dxe5 11.Bc4 Be6 12.Qe2 Nbd7 13.Rfd1 Nf8 14.Bc5 Rad8 15.Ng5
Bxc4 16.Qxc4 h6 17.Nf3 Ne6 18.Be3 Nd7 19.a5 b6 20.axb6 axb6 21.Ra6 Ndc5 
22.Raa1 b5 23.Qe2 Nd4 24.Qf1 Nce6 25.Ne1 Rd7 26.Ne2 Red8 27.c3 Nb3 28.Rxd7
Qxd7 29.Rb1 Nd2 30.Bxd2 Qxd2 31.Nf3 Qc2 32.Ng3 Nc5 33.Qc1 Qd3 34.Qf1 Qc2 
35.Qc1 Qd3 36.Qf1 1/2-1/2

[Event "EU-chT Seniors 02nd"]
[Site "Dresden"]
[Date "2000.03.05"]
[Round "5.2"]
[White "Eis, Helko"]
[Black "Duemmke, Juergen"]
[Result "1/2-1/2"]
[WhiteElo "2101"]
[BlackElo "2035"]
[EventDate "2000.03.01"]
[PlyCount "87"]

1.Nf3 Nf6 2.g3 b6 3.Bg2 Bb7 4.O-O e6 5.d3 Be7 6.e4 d6 7.Nc3 O-O 8.Qe2 c5 
9.Bg5 Nc6 10.Rad1 a6 11.d4 Nd7 12.Be3 cxd4 13.Nxd4 Qc7 14.Nxc6 Bxc6 15.f4 
b5 16.Qd2 Nb6 17.b3 Rac8 18.Ne2 d5 19.e5 Bb7 20.Nd4 Bc5 21.c3 Nd7 22.Rc1 
Rfd8 23.Rfe1 g6 24.Qe2 Ba3 25.Rc2 Bf8 26.h4 Nc5 27.Kh2 Bg7 28.h5 Ne4 29.
Rec1 Qe7 30.Bxe4 dxe4 31.c4 bxc4 32.Rxc4 Rxc4 33.Rxc4 Qd7 34.hxg6 hxg6 35.
Qc2 Rc8 36.Rxc8+ Qxc8 37.Qxc8+ Bxc8 38.Kg2 Bf8 39.Nc2 Bd7 40.Bb6 Bb5 41.
Kf2 Bd3 42.Ne1 Bb1 43.a4 Bb4 44.Bc7 1/2-1/2

[Event "EU-chT Seniors 02nd"]
[Site "Dresden"]
[Date "2000.03.07"]
[Round "6.2"]
[White "Eis, Helko"]
[Black "Scheipl, Ralf"]
[Result "1/2-1/2"]
[WhiteElo "2101"]
[BlackElo "2270"]
[EventDate "2000.03.01"]
[PlyCount "82"]

1.d4 Nf6 2.Nf3 c5 3.d5 e6 4.c4 exd5 5.cxd5 d6 6.Nc3 g6 7.e4 Bg7 8.Bb5+ 
Nbd7 9.a4 O-O 10.O-O a6 11.Bd3 Ng4 12.h3 Nge5 13.Be2 Nxf3+ 14.Bxf3 Qh4 15.
g3 Qe7 16.Bg2 Rb8 17.Qe2 Re8 18.Be3 Qd8 19.Rfc1 f5 20.exf5 gxf5 21.Qc2 Ne5
22.Ne2 b5 23.axb5 Rxb5 24.Ra2 Ng6 25.Nf4 Nxf4 26.Bxf4 Qf6 27.b3 Bh6 28.Ra4
Bxf4 29.Rxf4 Qe5 30.Bf1 Rb4 31.Rxb4 cxb4 32.Qd2 f4 33.Qxf4 Qxf4 34.gxf4 
Bb7 35.Bg2 Kf7 36.Rc7+ Re7 37.Rxe7+ Kxe7 38.Kf1 Kf6 39.Be4 h6 40.Ke2 Bc8 
41.h4 a5 1/2-1/2

[Event "EU-chT Seniors 02nd"]
[Site "Dresden"]
[Date "2000.03.03"]
[Round "3.2"]
[White "Eis, Helko"]
[Black "Starck, Bodo"]
[Result "1/2-1/2"]
[WhiteElo "2101"]
[BlackElo "2261"]
[EventDate "2000.03.01"]
[PlyCount "52"]

1.d4 Nf6 2.Nf3 d5 3.c4 c6 4.e3 Qb6 5.Nc3 Bg4 6.cxd5 cxd5 7.h3 Bxf3 8.Qxf3 
e6 9.Bd3 Be7 10.O-O O-O 11.b3 Nc6 12.Na4 Qd8 13.Bb2 Nb4 14.Bb1 Rc8 15.Nc3 
a6 16.a3 Nc6 17.b4 b5 18.Rd1 Qb6 19.Bd3 Rfd8 20.Qe2 Rc7 21.Rac1 Rdc8 22.
Nb1 Nd8 23.Rxc7 Rxc7 24.Nd2 Nb7 25.Nb3 Nd6 26.Nc5 Nc4 1/2-1/2

[Event "EU-chT Seniors 02nd"]
[Site "Dresden"]
[Date "2000.03.01"]
[Round "1.2"]
[White "Eis, Helko"]
[Black "Titz, Herbert"]
[Result "1/2-1/2"]
[WhiteElo "2101"]
[BlackElo "1995"]
[EventDate "2000.03.01"]
[PlyCount "59"]

1.d4 Nf6 2.Nf3 g6 3.e3 c5 4.b3 Bg7 5.Be2 b6 6.O-O Bb7 7.Bb2 O-O 8.Nbd2 Na6
9.c4 cxd4 10.Bxd4 d5 11.Qc1 Nc7 12.Rd1 Nd7 13.Bxg7 Kxg7 14.Qb2+ Kg8 15.
cxd5 Nxd5 16.Nc4 Qb8 17.e4 N5f6 18.e5 Nd5 19.Qd2 Kg7 20.Qd4 Nc5 21.Qh4 Ne6
22.Nd4 Qe8 23.Bf3 Rd8 24.Rac1 Ba8 25.Qg4 Nxd4 26.Rxd4 b5 27.Ne3 Nxe3 28.
fxe3 Bxf3 29.Qxf3 Rxd4 30.exd4 1/2-1/2

[Event "EU-chT Seniors 02nd"]
[Site "Dresden"]
[Date "2000.03.04"]
[Round "4.1"]
[White "Eskandary, Jahja"]
[Black "Bartl, Franz"]
[Result "1/2-1/2"]
[WhiteElo "2160"]
[BlackElo "1989"]
[EventDate "2000.03.01"]
[PlyCount "118"]

1.e4 c5 2.Nc3 d6 3.Bc4 Nc6 4.d3 Nf6 5.Nge2 e6 6.Bf4 a6 7.a3 Be7 8.Ba2 O-O 
9.O-O d5 10.exd5 exd5 11.Bg5 d4 12.Bxf6 Bxf6 13.Ne4 Be7 14.Nf4 Bd6 15.Nd5 
Bf5 16.f4 Ne7 17.Nxe7+ Bxe7 18.Ng3 Qd7 19.Qf3 Rab8 20.Rae1 Bd6 21.Bd5 Bg4 
22.Qf2 Rfe8 23.Be4 f6 24.f5 Bxg3 25.Qxg3 Bh5 26.Rf4 Re5 27.Rh4 Bf7 28.Rg4 
Bh5 29.Rh4 Bf7 30.Rh6 Qe7 31.Rf1 Re8 32.Rf4 Bd5 33.Rhh4 Bxe4 34.Rxe4 Qf7 
35.Qf3 Rxe4 36.Rxe4 Rxe4 37.Qxe4 Qd7 38.Kf2 Kf7 39.Kf3 g6 40.fxg6+ hxg6 
41.g4 Kg7 42.h4 Kh6 43.b3 Kg7 44.a4 a5 45.Kg3 b6 46.h5 gxh5 47.gxh5 Qf7 
48.Kg4 Kh6 49.Qf4+ Kh7 50.Qf5+ Kh6 51.Kh4 Qg7 52.Qf4+ Kh7 53.Qg4 Qf7 54.
Qf5+ Kh6 55.Kg4 Qg7+ 56.Kf4 Qf7 57.Qg4 Qc7+ 58.Kf3 Qb7+ 59.Kg3 Qc7+ 
1/2-1/2

[Event "EU-chT Seniors 02nd"]
[Site "Dresden"]
[Date "2000.03.08"]
[Round "7.1"]
[White "Eskandary, Jahja"]
[Black "Baumgartner, Heinz"]
[Result "1/2-1/2"]
[WhiteElo "2160"]
[BlackElo "2323"]
[EventDate "2000.03.01"]
[PlyCount "39"]

1.e4 e5 2.Nc3 Nf6 3.Bc4 Nxe4 4.Qh5 Nd6 5.Bb3 Be7 6.Nf3 Nc6 7.Nxe5 O-O 8.
O-O Nd4 9.Nd5 Nxb3 10.axb3 Ne8 11.Re1 Nf6 12.Nxe7+ Qxe7 13.Qd1 Qd8 14.d3 
d6 15.Nc4 Nd5 16.Qf3 Nb4 17.Ne3 Nc6 18.Bd2 Be6 19.Ra4 a6 20.Rf4 1/2-1/2